El hablador

Gorde:
Xehetasun bibliografikoak
Egile nagusia: Vargas Llosa, Mario (Egilea)
Formatua: Liburua
Hizkuntza:gaztelania
Argitaratua: Barcelona Seix Barral 1987
Saila:Biblioteca Breve Seix Barral
Gaiak:
Etiketak: Etiketa erantsi
Etiketarik gabe, Izan zaitez lehena erregistro honi etiketa jartzen!

MARC

LEADER 00000nam a2200000 a 4500
001 UCW8315
003 CL-VaPUC
008 880803e19870000SP |||||||||||||||||spa|d
082 0 4 |a Pe863  |b VAR  |2 21 
100 0 |a Vargas Llosa, Mario  |e author  |9 318800 
245 1 3 |a El hablador 
300 |a 235 p 
942 |c BK 
945 |d 19880803 00:00:00 
260 |a Barcelona  |b Seix Barral  |c 1987 
650 7 |a NOVELA PERUANA  |2 CL-VaPUC  |9 347320 
583 |a last modification  |c 19880803 00:00:00  |k Rodrigo Vera 
490 0 |a Biblioteca Breve Seix Barral 
999 |c 299873  |d 299871 
952 |0 0  |1 0  |4 0  |6 PE_863_000000000000000_VAR_1987  |7 0  |8 A  |9 356868  |a BIBEDU  |b BIBEDU  |d 2019-11-21  |i 2816555  |o Pe863 VAR 1987  |p 2816555  |r 2019-11-21  |w 2019-11-21  |y BK  |k LIT